Central Library OPAC University of Rajshahi

Advanced biophysics / (Record no. 69031)

MARC details
000 -LEADER
fixed length control field 00613nam a22002177a 4500
001 - CONTROL NUMBER
control field 69031
003 - CONTROL NUMBER IDENTIFIER
rucl marc code BD-RjUL
005 - DATE AND TIME OF LATEST TRANSACTION
control field 20211209081836.0
008 - FIXED-LENGTH DATA ELEMENTS--GENERAL INFORMATION
fixed length control field 170409s2005 xxua|||| |||| 001 0 eng d
035 ## - SYSTEM CONTROL NUMBER
System control number (BD-RjUL)69242
040 ## - CATALOGING SOURCE
Original cataloging agency BD-RjUL
Language of cataloging eng
Transcribing agency BD-RjUL
041 ## - LANGUAGE CODE
Language code of text/sound track or separate title eng
082 ## - DEWEY DECIMAL CLASSIFICATION NUMBER
Edition number 23
Classification number 572.43
Author mark and year AGA 2005
100 1# - MAIN ENTRY--PERSONAL NAME
Personal name Agarwal, S K
9 (RLIN) 142875
245 1# - TITLE STATEMENT
Title Advanced biophysics /
Statement of responsibility, etc. S K Agarwal
260 ## - PUBLICATION, DISTRIBUTION, ETC. (IMPRINT)
Place of publication, distribution, etc. New Delhi :
Name of publisher, distributor, etc. APH Pub. Corp.,
Date of publication, distribution, etc. c2005
300 ## - PHYSICAL DESCRIPTION
Pagination 399 p. :
Illustrations ill. ;
Size 22 cm.
504 ## - BIBLIOGRAPHY, ETC. NOTE
Bibliography, etc Includes bibliographical references and index.
650 ## - SUBJECT ADDED ENTRY--TOPICAL TERM
Topical term or geographic name as entry element Bioenergetics
9 (RLIN) 203112
942 ## - ADDED ENTRY ELEMENTS (KOHA)
Source of classification or shelving scheme Dewey Decimal Classification
Koha item type Books
Holdings
Lost status Source of classification or shelving scheme Damaged status Not for loan Collection code Permanent Location Current Location Shelving location Date acquired Source of acquisition Cost, normal purchase price Total Checkouts Full call number Date last seen Copy number Koha item type
  Dewey Decimal Classification   Not For Loan Non-fiction Central Library, University of Rajshahi Central Library, University of Rajshahi Reading Room 26/07/2008 Paragogn Enterprise, Dhaka 995.00   572.43 AGA 2005 09/04/2017 C-1 Books